Which Barbie movie is the quote from? - Statistics

General Stats
  • This quiz has been taken 358 times
  • The average score is 5 of 10
Answer Stats
Hint Answer % Correct
"There is a princess in every girl" Barbie: Princess Charm School
72%
"Sometimes what's real is something you can't see" Barbie in the Diamond Castle
68%
"Constant as the stars above, always know that you are loved" Barbie as Rapunzel
66%
"What makes you different makes you special" Barbie: Fairytopia
63%
"You're braver than you think" Barbie of Swan Lake
55%
"There's a difference only you can make" Barbie in the 12 Dancing Princesses
54%
"Everyone told me man couldn't fly. But sometimes you must pursue your dreams even when everyone says it's impossible" Barbie in the Three Musketeers
53%
"No, every star is there for a reason" Mariposa and her Butterfly Fairy Friends
47%
"Forgiveness lets you fly" Barbie: A Fairy Secret
38%
"Together, we are strong" Barbie Fairytopia: Magic Of The Rainbow
13%
No matching quizzes found
Score Distribution
Percent of People with Each Score
Percentile by Number Answered
Your Score History
You have not taken this quiz